| 000 | 02372namaa22003497i 4500 | ||
|---|---|---|---|
| 001 | 768714001 | ||
| 003 | CO-MdFUSB | ||
| 005 | 20260306145809.0 | ||
| 007 | cr aa aaaaa | ||
| 008 | 260225s2025 ck ||||| |||| 00| 0 spa dd | ||
| 040 |
_aCO-MdFUSB _bEspañol _cCO-MdFUSB _dCO-MdFUSB |
||
| 041 | _aspa | ||
| 043 | _ack | ||
| 100 |
_aValenzuela Peña, Luis Miguel, _eautor |
||
| 245 |
_aAnálisis de los términos κρίσις, ἔλεος y πίστις, su interpretación y uso en el Evangelio de Mateo a partir del libro de Oseas _b/ Luis Miguel Valenzuela Peña ; asesorado por Sergio Zapata |
||
| 264 | 1 |
_aMedellín, Colombia : _bFUSBC, _c2025 |
|
| 300 | _aRecurso electrónico | ||
| 336 |
_2rdacontent _atexto _btxt |
||
| 337 |
_2rdamedia _ainformático _bc |
||
| 338 |
_2rdacarrier _aremoto _bcr |
||
| 502 |
_aTesis de Maestría _bMaestría en Interpretación Bíblica _cFundación Universitaria Seminario Bíblico de Colombia, _d2025 |
||
| 504 | _aBibliografía (página 84) | ||
| 505 | _aAporte de Oseas a la interpretación de los términos κρίσις, ἔλεος y πίστις en el Evangelio de Mateo. -- κρίσις, ἔλεος y πίστις en el Evangelio de Mateo. -- κρίσις, ἔλεος y πίστις como una triada relevante en el Evangelio de Mateo | ||
| 506 | _aAcceso en línea | ||
| 520 | _aEsta monografía, realizada por Luis Miguel Valenzuela, aborda el uso del Antiguo Testamento en el Nuevo, específicamente alrededor de la denominada triada mateana “κρίσις, ἔλεος y πίστις” (Mt. 23:23), realizando una investigación documental, estudio de términos y usando la TAR (Teoría actor-Red) o ANT (Actor-Network Theory) como componente interdisciplinar. En la investigación se halló relación conceptual entre la triada y términos usados por Oseas y conexión de esta con todo el texto del Evangelio. Esta monografía propone, uno, una nueva definición de triada, dos, “amor pactual” como nuevo término teológico y tres, una nueva herramienta hermenéutica: ANTT, actor-Network Theological Theory. | ||
| 653 | _aTríada mateana. -- Evangelio de Mateo. -- Uso del Antiguo Testamento en el Nuevo. -- Oseas. -- Teoría Actor-Red (ANT) | ||
| 700 |
_aZapata Grisales, Sergio, _easesor _911218 |
||
| 856 | _aREPCI | ||
| 942 | _cTG | ||
| 945 | _aJTF-925 | ||
| 999 |
_c71606 _d71606 |
||